| 000 | 00735cab a2200217 4500 | ||
|---|---|---|---|
| 001 | ABS68685 | ||
| 008 | 050124n2005 000 0 eng u | ||
| 035 | _a(Sirsi) u128568 | ||
| 100 | _aPaice, Catherine | ||
| 245 | _aSFP clouds Scot market | ||
| 260 | _c2005 | ||
| 490 |
_aFarmers' Weekly _v142(2) 14 January 2005, 61-2(2) |
||
| 520 | _aConclusion of "Farmers' Weekly"'s round-up of the 2004 land market, looking at the downturn in Scotland in land sales. (See also Abs68581, Abs68683 and Abs68684). | ||
| 590 | _aABS | ||
| 650 | _aLAND MARKET | ||
| 650 | _aPROPERTY-RURAL AND NATURAL ASSETS-AGRICULTURAL PROPERTY-AGRICULTURAL LAND | ||
| 650 | _aFARM SALES | ||
| 650 | _aSCOTLAND | ||
| 690 | _aRURAL-MARKET | ||
| 942 | _n0 | ||
| 999 |
_c74732 _d74732 |
||